00852nam a22002177a 450000500170000001000150001702000260003203500140005803700090007208200140008110000300009524501200012526000410024527001170028630000240040370000280042776000060045594200250046199900190048695201290050520260204123916.0 aENG-147738 a9789392176937c500.00 aEN-131270 bDBAD a181.4621 aPareek, Om Prakash987124 aJagadguru Adi Shankaracharya:cby Om Prakash Pareek; Translated by Tanya AggarwalbThe Gaurdian of Indian Culture / aNew DelhibNational Paperbacksc2024 a4230/1, Ansari Road, Darya GanjbNew Delhie110002k011-41040710k011-47014602mnationalpaperbacks2018@gmail.com axix,200p.c22cm(Hb) aAggarwal, Tanya 987103 b1 2ddccENh181.46mPAR c214683d214683 001040708NFICaJPbJPd2026-02-04eDBADg500.00l0o181.46 PARpEN-131270r2026-02-04 00:00:00t1v500.00w2026-02-04yEN